Sound and the cinema : the coming of sound to American film /

Bibliographic Details
Other Authors: Cameron, Evan William, Wilbert, William F., Evans-Cameron, Joan
Format: Book
Language:English
Published: Pleasantville, N.Y. : Redgrave Pub. Co., [1980]
Subjects:

MARC

Tag First Indicator Second Indicator Subfields
LEADER 00000cam a2200000 a 4500
001 in00000640468
005 20151015061116.0
008 801030s1980 nyua b 10100 eng
010 |a  80131142  
020 |a 091317856X (pbk.) 
035 |a (OCoLC)06262745 
035 |9 ACV5694AM 
040 |a DLC  |c DLC  |d m.c.  |d TXA  |d UtOrBLW 
043 |a n-us--- 
049 |a TXAM  |c [1327958] 
050 0 0 |a PN1995.7  |b .S68 
082 0 |a 791.43/0973  |2 19 
245 0 0 |a Sound and the cinema :  |b the coming of sound to American film /  |c edited by Evan William Cameron, assisted by William F. Wilbert & Joan Evans-Cameron. 
264 1 |a Pleasantville, N.Y. :  |b Redgrave Pub. Co.,  |c [1980] 
264 4 |c ©1980 
300 |a xvi, 232 pages :  |b illustrations ;  |c 23 cm. 
336 |a text  |b txt  |2 rdacontent 
337 |a unmediated  |b n  |2 rdamedia 
338 |a volume  |b nc  |2 rdacarrier 
500 |a Consists largely of proceedings of a symposium held at the International Museum of Photography, Rochester, N.Y., 1973. 
500 |a Includes index. 
504 |a Bibliography: pages [220]-223. 
650 0 |a Sound motion pictures  |x History  |x Congresses. 
650 0 |a Motion pictures  |z United States  |x History  |x Congresses. 
700 1 |a Cameron, Evan William. 
700 1 |a Wilbert, William F. 
700 1 |a Evans-Cameron, Joan. 
999 |a MARS 
999 f f |s 87fa9f47-dd7b-34e5-96d4-cd2a75862ae0  |i ea586611-e8d4-32f2-9f41-391fb3b01238  |t 0 
952 f f |p ric  |a Texas A&M University  |b Rellis Campus  |c Joint Library Facility  |d Remote Storage  |t 0  |e PN1995.7 .S68  |h Library of Congress classification  |i unmediated -- volume  |m A14803688927 
998 f f |a PN1995.7 .S68  |t 0  |l Remote Storage